000 00674nam a22001937a 4500
999 _c57863
_d57863
005 20210319151306.0
008 210319s2002 enk||||| |||| 00| 0 eng d
020 _a9781853467936
041 _aeng
080 _a376 K-43
100 _aKnight, Pamela
_910576
245 _aWorking with Deaf Pupils:
_bSign Bilingual Policy into Practice /
_cKnight, Pamela; Swanwick, Ruth.
264 _aNew York :
_bDavid Fulton Publishers,
_c2002.
300 _a130 p.
_b25 cm.
653 _aყრუ მოსწავლეებთან მუშაობა
653 _aპედაგოგიკა
700 _aSwanwick, Ruth
_eავტორი
_910577
942 _2udc
_cBK